Origen y evolución de las convenciones colectivas de trabajo /

Guardado en:
書目詳細資料
主要作者: Méndez, Edilberto
格式: Texto
主題:
標簽: 添加標簽
沒有標簽, 成為第一個標記此記錄!

MARC

LEADER 00000 a a2200000 04500
001 9406
003
040
100 |a Méndez, Edilberto  
245 |a Origen y evolución de las convenciones colectivas de trabajo /  |c Edilberto Méndez 
650 |a SINDICATOS  
650 |a CONVENIOS COLECTIVOS  
650 |a HUELGAS ILEGALES  
650 |a LEGISLACION DEL TRABAJO  
650 |a HISTORIA  
650 |a EUROPA  
650 |a ESTADOS UNIDOS  
650 |a PANAMA  
773 |g número 454 -455; páginas 207-214  
999 |c 19795  |d 19795